Cincinnati Bengals All Time Receiving Leaders - Statistics

General Stats
  • This quiz has been taken 53 times
  • The average score is 8 of 20
Answer Stats
Years Yards Player % Correct
2001-2010 10,783 Chad Johnson
98%
2011-2020 9,403 A.J. Green
96%
2021-Present 2,977 Ja'Marr Chase
96%
2020-Present 3,157 Tee Higgins
91%
2016-Present 5,499 Tyler Boyd
83%
2001-2008 5,782 T.J. Houshmandzadeh
52%
1981-1988 6,698 Cris Collinsworth
46%
1992-1999 6,887 Carl Pickens
35%
1985-1991 6,134 Eddie Brown
33%
1973-1984 7,101 Isaac Curtis
30%
1968-1977 4,600 Bob Trumpy
20%
1994-2001 5,975 Darnay Scott
15%
2013-2020 2,867 Giovani Bernard
15%
1986-1992 (1994) 4,703 Tim McGee
15%
1993-2001 3,795 Tony McGee
15%
1979-1985 3,204 Dan Ross
13%
2000-2004 2,811 Peter Warrick
13%
1984-1991 3,012 James Brooks
11%
1982-1992 4,329 Rodney Holman
11%
1969-1976 3,079 Chip Myers
4%
No matching quizzes found
Score Distribution
Percent of People with Each Score
Percentile by Number Answered
Your Score History
You have not taken this quiz